BIBLIOTHÈQUE DE LA MAISON DU MEXIQUE

Logo 1 Logo 2

Introducción a la historia de la filosofía (notice nᵒ 12190)

détails MARC
000 -Sello discográfico
campo de control de longitud fija 00832nam a2200277 4500
005 - Identificación de versión
campo de control 20251016082249.0
035 ## - Otros números de control del sistema
Número de control del sistema 8224
099 ## - fechas locales
Tipo de ítem Koha LIBRO
100 ## - Datos de procesamiento general
Datos de procesamiento general 19930801d1971 m y1spay5003 ba
105 ## - Campo de datos codificados: Material textual, monográfico
Datos codificados de monografía y 001zy
200 1# - Título y mención de responsabilidad
Título propio Introducción a la historia de la filosofía
Designación general del material texto impreso
Primer mención de responsabilidad Ramón Xirau
205 ## - Declaración de edición
Declaración de edición 3a ed
210 ## - Publicación, distribución, etc.
Lugar de publicación, distribución, etc. México
Nombre del editor, distribuidor, etc. Universidad Nacional Autónoma de México, Facultad de Filosofía y Letras
Fecha de publicación, distribución, etc. 1971
215 ## - Descripción física
Designación de material específico y extensión del ítem 495 p
Dimensiones 21 cm
345 ## - Nota de información de adquisición
Fuente de adquisición/dirección de la suscripción [OBSOLETO] Donación
410 #1 - Series
Título Textos Universitarios
606 ## - Término temático usado como materia
Elemento de entrada Filosofía
Subdivisión temática Historia
Número Koha 1503
700 ## - Nombre personal - Responsabilidad primaria
Elemento de entrada Xirau Subias
Parte del nombre distinta del elemento de entrada Ramón
Fechas 1924-2017
Número Koha 550
801 #0 - Fuente de origen
Agencia cm
900 ## -
-- 1/8925
900 ## -
-- 710934585\\010893
942 ## - ELEMENTOS DE ENTRADA SECUNDARIOS (KOHA)
Tipo de ítem Koha Livre
996 ## -
-- MEX
-- 751145101
-- MMAG
-- 004935
-- 109 X81H
-- 20210527LIV
Exemplaires
Estatus retirado Estado de daño Estado de pérdida Fecha de adquisición Biblioteca de origen Biblioteca actual Ubicación en estantería Código de barras Precio de reemplazo Signatura topográfica completa No para préstamo Tipo de ítem Koha Nota pública Nota no pública
      05/08/2025 Casa México Paris Casa México Paris   004935 05/08/2025 109 X81H   Livre 20210527LIV 751145101